Novela zákona o zdravotnom poistení

Novela spresňuje určenie osoby povinne verejne zdravotne poistenej v systéme SR. Jasnejšie definuje príjmy, ktoré vstupujú do vymeriavacieho základu pre odvod poistného platenia, vymáhanie poistného, doručovanie výkazov nedoplatkov a problematiku týkajúcu sa zoznamov dlžníkov.

Saved in:
Bibliographic Details
Main Author: Matulková, Mariana
Format: Book Chapter
Language:Slovak
Subjects:
Tags: Add Tag
No Tags, Be the first to tag this record!

MARC

LEADER 00000naa a2200000 4500
001 0228475
005 20170316091410.2
041 0 |a slo 
044 |a SK 
245 1 0 |a Novela zákona o zdravotnom poistení  |c Mariana Matulková 
520 |a Novela spresňuje určenie osoby povinne verejne zdravotne poistenej v systéme SR. Jasnejšie definuje príjmy, ktoré vstupujú do vymeriavacieho základu pre odvod poistného platenia, vymáhanie poistného, doručovanie výkazov nedoplatkov a problematiku týkajúcu sa zoznamov dlžníkov. 
610 2 0 |a poistenie zdravotné 
610 2 0 |a úpravy právne 
610 2 0 |a Slovensko 
610 2 0 |a 2017 
100 1 |a Matulková, Mariana